Statistics for Sydney Trains - Guess the Station

Click here to take the quiz!

General Stats

  • This quiz has been taken 179 times
  • The average score is 6 of 15

Answer Stats

Answer% Correct
Central
79%
Strathfield
75%
Epping
73%
Olympic Park
63%
Town Hall
62%
Blacktown
46%
Martin Place
43%
Newcastle Interchange
37%
Hornsby
35%
Tallawong
28%
Berowra
20%
Cronulla
20%
Richmond
14%
Heathcote
12%
Valley Heights
8%

Score Distribution

Percentile by Number Answered

Percent of People with Each Score

Your Score History

You have not taken this quiz